[Event "POL-chT U19 2nd League"]
[Site "Borowice"]
[Date "2012.07.24"]
[Round "5"]
[White "Bialucha, Sebastian"]
[Black "Szpakowicz, Robert"]
[Result "1-0"]
[WhiteElo "1293"]
[BlackElo "1596"]
[PlyCount "85"]
[EventDate "2012.07.21"]
[EventType "team-swiss"]
[EventRounds "11"]
[EventCountry "POL"]
[SourceTitle "EXT 2014"]
[Source "ChessBase"]
[SourceDate "2013.11.20"]
[SourceVersion "1"]
[SourceVersionDate "2013.11.20"]
[SourceQuality "1"]
[WhiteTeam "Imielin MKSz Diagonalia U19"]
[BlackTeam "Zielona Gora KS 64 U19"]
[WhiteTeamCountry "POL"]
[BlackTeamCountry "POL"]

1. e4 e6 2. d4 d5 3. e5 c5 4. c3 Qc7 5. Nf3 Nc6 6. Bd3 f6 7. Bf4 Qb6 8. Qd2 Bd7 9. Be2 cxd4 10. cxd4 Bb4 11. Nc3 Bxc3 12. bxc3 fxe5 13. Bxe5 Nxe5 14. Nxe5 Nf6 15. Qf4 Ke7 16. 0-0 Qd8 17. Bd3 Qe8 18. Rab1 b6 19. c4 Rg8 20. c5 bxc5 21. dxc5 Rc8 22. Qb4 Bc6 23. Qa5 Qh5 24. Nxc6+ Rxc6 25. Qxa7+ Nd7 26. Rb7 Rd8 27. Bb5 Rxc5 28. Qxc5+ Kf6 29. Rxd7 Rxd7 30. Bxd7 Qe5 31. Qe3 Qf5 32. Qxe6+ Qxe6 33. Bxe6 Kxe6 34. a4 d4 35. a5 Kd6 36. Rb1 d3 37. a6 Kc7 38. a7 d2 39. a8Q Kd6 40. Qd8+ Ke5 41. Qxd2 Ke4 42. Rb5 g5 43. Qe3# 1-0

[Event "POL-chT U19 2nd League"]
[Site "Borowice"]
[Date "2012.07.23"]
[Round "3"]
[White "Smieszek, Wojciech"]
[Black "Szpakowicz, Robert"]
[Result "1-0"]
[WhiteElo "1809"]
[BlackElo "1596"]
[PlyCount "43"]
[EventDate "2012.07.21"]
[EventType "team-swiss"]
[EventRounds "11"]
[EventCountry "POL"]
[SourceTitle "EXT 2014"]
[Source "ChessBase"]
[SourceDate "2013.11.20"]
[SourceVersion "1"]
[SourceVersionDate "2013.11.20"]
[SourceQuality "1"]
[WhiteTeam "Szczecin Gryf U19"]
[BlackTeam "Zielona Gora KS 64 U19"]
[WhiteTeamCountry "POL"]
[BlackTeamCountry "POL"]

1. e4 e6 2. d4 d5 3. Nc3 Bb4 4. e5 c5 5. Bd2 Bxc3 6. Bxc3 cxd4 7. Bxd4 Nc6 8. Nf3 Nge7 9. Bd3 Nxd4 10. Nxd4 a6 11. Nf3 Nc6 12. c3 Bd7 13. a4 Qc7 14. Qe2 Qb6 15. 0-0 0-0 16. Bxh7+ Kh8 17. Ng5 g6 18. Qf3 Kg7 19. Qf6+ Kh6 20. Rad1 Nd8 21. Rd3 Rc8 22. Rh3# 1-0

[Event "POL-chT U19 2nd League"]
[Site "Borowice"]
[Date "2012.07.21"]
[Round "1"]
[White "Szpakowicz, Robert"]
[Black "Lisiecki, Robert"]
[Result "1-0"]
[WhiteElo "1596"]
[BlackElo "1443"]
[PlyCount "104"]
[EventDate "2012.07.21"]
[EventType "team-swiss"]
[EventRounds "11"]
[EventCountry "POL"]
[SourceTitle "EXT 2014"]
[Source "ChessBase"]
[SourceDate "2013.11.20"]
[SourceVersion "1"]
[SourceVersionDate "2013.11.20"]
[SourceQuality "1"]
[WhiteTeam "Zielona Gora KS 64 U19"]
[BlackTeam "Poznan UMKS Na Pieterku U19"]
[WhiteTeamCountry "POL"]
[BlackTeamCountry "POL"]

1. d4 Nf6 2. c4 e5 3. Nf3 exd4 4. Nxd4 d6 5. g3 c5 6. Nf3 Nc6 7. Bg2 Be7 8. 0-0 0-0 9. Nc3 a6 10. Bf4 Be6 11. b3 d5 12. cxd5 Nxd5 13. Nxd5 Bxd5 14. Rc1 b5 15. Be3 c4 16. bxc4 Bxc4 17. Nd2 Rc8 18. Nxc4 bxc4 19. Rxc4 Nb4 20. Rxc8 Qxc8 21. Qb3 Rd8 22. a3 Nd5 23. Bxd5 Qf5 24. Bc4 Kf8 25. Bxa6 h5 26. Bd3 Qh3 27. Qb5 g6 28. Be4 h4 29. Bg2 Qg4 30. Qb2 Kg8 31. h3 Qe6 32. Bf4 Bf6 33. Qb4 hxg3 34. Bxg3 Qxe2 35. Re1 Qc2 36. Qe4 Qc8 37. Qc6 Qf5 38. Re8+ Rxe8 39. Qxe8+ Kg7 40. a4 Qa5 41. Qb5 Qe1+ 42. Kh2 Bc3 43. Qb7 Bd4 44. Bd5 Qe8 45. a5 g5 46. a6 Bc5 47. a7 Bxa7 48. Qxa7 Qf8 49. Qxf7+ Qxf7 50. Bxf7 Kxf7 51. h4 gxh4 52. Bxh4 Ke8 1-0